Estados Soberanos - ¡Muerte Súbita! - Estadísticas

Estadísticas generales
  • Esta prueba ha sido intentada 47 veces
    45 desde el último reinicio
  • La puntuación promedio es 12 de 18
Answers on the Grid
Answers color-coded by a green-red scale on the quiz's grid according to % correct below.
Antigua y Barbuda
Barbados
Cabo Verde
Ciudad del Vaticano
Dominica
Granada
Guyana
Islas Marshall
Mónaco
Palaos
Samoa
San Cristóbal y Nieves
San Vicente y las Granadinas
Santa Lucía
Santo Tomé y Príncipe
Tonga
Vanuatu
Yibuti
Aruba
Bermudas
Curazao
Groenlandia
Guadalupe
Guam
Hong Kong
Islas Caimán
Islas Cocos
Islas Cook
Islas Feroe
Islas Pitcairn
Macao
Niue
Nueva Caledonia
Puerto Rico
San Martín
San Pedro y Miquelón
 
Estadísticas de respuestas
Respuesta % Correcto
Estado Soberano Cabo Verde
76%
Estado Soberano Ciudad del Vaticano
76%
Estado Soberano Antigua y Barbuda
73%
Estado Soberano Guyana
73%
Estado Soberano Mónaco
73%
Estado Soberano Santo Tomé y Príncipe
73%
Estado Soberano San Vicente y las Granadinas
73%
Estado Soberano Samoa
70%
Estado Soberano Vanuatu
70%
Estado Soberano Dominica
67%
Estado Soberano San Cristóbal y Nieves
67%
Estado Soberano Barbados
64%
Estado Soberano Granada
64%
Estado Soberano Palaos
64%
Estado Soberano Yibuti
64%
Estado Soberano Islas Marshall
61%
Estado Soberano Tonga
61%
Estado Soberano Santa Lucía
58%
No se encontraron pruebas coincidentes
Distribución de puntuación
Porcentaje de gente con cada puntuación
Porcentaje por número respondido
Historial de tus puntuaciones
No has intentado esta prueba desde el último reinicio